Japan Professional Football League(Division 1) Champions - Statistics

General Stats
  • This quiz has been taken 75 times
    3 since last reset
  • The average score is 26 of 33
Answer Stats
Hint Answer % Correct
2005 Gamba Osaka
100%
2014 Gamba Osaka
100%
1996 Kashima Antlers
100%
1998 Kashima Antlers
100%
2000 Kashima Antlers
100%
2001 Kashima Antlers
100%
2007 Kashima Antlers
100%
2008 Kashima Antlers
100%
2009 Kashima Antlers
100%
2016 Kashima Antlers
100%
2025 Kashima Antlers
100%
2011 Kashiwa Reysol
100%
2006 Urawa Red Diamonds
100%
2003 Yokohama F・Marinos
100%
2004 Yokohama F・Marinos
100%
2019 Yokohama F・Marinos
100%
2022 Yokohama F・Marinos
100%
1995 Yokohama Marinos
100%
1997 Jubilo Iwata
67%
1999 Jubilo Iwata
67%
2002 Jubilo Iwata
67%
2010 Nagoya Grampus Eight
67%
1993 Verdy Kawasaki
67%
1994 Verdy Kawasaki
67%
2023 Vissel Kobe
67%
2024 Vissel Kobe
67%
2017 Kawasaki Frontale
33%
2018 Kawasaki Frontale
33%
2020 Kawasaki Frontale
33%
2021 Kawasaki Frontale
33%
2012 Sanfrecce Hiroshima F.C
33%
2013 Sanfrecce Hiroshima F.C
33%
2015 Sanfrecce Hiroshima F.C
33%
No matching quizzes found
Score Distribution
Percent of People with Each Score
Percentile by Number Answered
Your Score History
You have not taken this quiz since the last reset